书目信息 |
| 题名: |
高举邓小平理论伟大旗帜建设有中国特色社会主义
|
|
| 作者: | 陈昌祥 主编 | |
| 分册: | ||
| 出版信息: | 北京 中国劳动出版社 1998 |
|
| 页数: | 282页 | |
| 开本: | 20cm | |
| 丛书名: | ||
| 单 册: | ||
| 中图分类: | D229 | |
| 科图分类: | ||
| 主题词: | 中国共产党 , 中共十五大--会议资料--学习参考资料 | |
| 电子资源: | ||
| ISBN: | 7-5045-2271-6 | |
| 000 | 00789nam0 2200217 450 | |
| 001 | 0739117839 | |
| 005 | 20070717143456.25 | |
| 010 | @a7-5045-2271-6@dCNY10.40 | |
| 100 | @a20070603d1998 km y0chiy0120 ea | |
| 101 | 0 | @achi |
| 102 | @aCN@b110000 | |
| 200 | 1 | @a高举邓小平理论伟大旗帜建设有中国特色社会主义@Agao ju deng xiao ping li lun wei da qi zhi jian she you zhong guo te se she hui zhu yi@e十五大报告学习辅导@f陈昌祥等主编@Fchen chang xiang deng zhu bian |
| 210 | @a北京@c中国劳动出版社@d1998 | |
| 215 | @a282页@d20cm | |
| 517 | 1 | @a十五大报告学习辅导@Ashi wu da bao gao xue xi fu dao |
| 606 | 0 | @a中国共产党 |
| 606 | 0 | @a中共十五大@x会议资料@x学习参考资料 |
| 690 | @aD229@v3 | |
| 701 | 0 | @a陈昌祥@Achen chang xiang@4主编 |
| 801 | 0 | @aCN@bPFT@c20070717 |
| 905 | @a10447@dD229@e109 | |
| 高举邓小平理论伟大旗帜建设有中国特色社会主义:十五大报告学习辅导/陈昌祥等主编.-北京:中国劳动出版社,1998 |
| 282页;20cm |
| ISBN 7-5045-2271-6:CNY10.40 |
| ● |
| 相关链接 |
|
|
|
|
正题名:高举邓小平理论伟大旗帜建设有中国特色社会主义
索取号:D229/109
 
预约/预借
| 序号 | 登录号 | 条形码 | 馆藏地/架位号 | 状态 | 备注 |
| 1 | 0408846 | 204088469 | 第一样本阅览室/ [索取号:D229/109] | 在馆 | |
| 2 | 0408847 | 204088478 | 密集书库/ [索取号:D229/109] | 在馆 | |
| 3 | 0408848 | 204088487 | 密集书库/ [索取号:D229/109] | 在馆 | |
| 4 | 0408849 | 204088496 | 密集书库/ [索取号:D229/109] | 在馆 | |
| 5 | 0408850 | 204088502 | 密集书库/ [索取号:D229/109] | 在馆 | |
| 6 | 0638332 | 206383322 | 密集书库/ [索取号:D229/109] | 在馆 | |
| 7 | 0638333 | 206383331 | 密集书库/ [索取号:D229/109] | 在馆 | |
| 8 | 0638334 | 206383340 | 密集书库/ [索取号:D229/109] | 在馆 | |
| 9 | 0639439 | 206394392 | 库房3/ [索取号:D229/109] | 在馆 | |
| 10 | 0639440 | 206394409 | 库房3/ [索取号:D229/109] | 在馆 | |
| 11 | 0639441 | 206394418 | 库房3/ [索取号:D229/109] | 在馆 | |
| 12 | 0639442 | 206394427 | 库房3/ [索取号:D229/109] | 在馆 | |
| 13 | 0639443 | 206394436 | 库房3/ [索取号:D229/109] | 在馆 | |
| 14 | 0639444 | 206394445 | 库房3/ [索取号:D229/109] | 在馆 | |
| 15 | 0639445 | 206394454 | 库房3/ [索取号:D229/109] | 在馆 | |
| 16 | 0639446 | 206394463 | 库房3/ [索取号:D229/109] | 在馆 | |
| 17 | 0639447 | 206394472 | 库房3/ [索取号:D229/109] | 在馆 | |
| 18 | 0639448 | 206394481 | 库房3/ [索取号:D229/109] | 在馆 | |
| 19 | 0639449 | 206394490 | 库房3/ [索取号:D229/109] | 在馆 | |
| 20 | 0639450 | 206394506 | 库房3/ [索取号:D229/109] | 在馆 | |
| 21 | 0639451 | 206394515 | 库房3/ [索取号:D229/109] | 在馆 | |
| 22 | 0639452 | 206394524 | 库房3/ [索取号:D229/109] | 在馆 | |
| 23 | 0639453 | 206394533 | 库房3/ [索取号:D229/109] | 在馆 | |
| 24 | 0639454 | 206394542 | 库房3/ [索取号:D229/109] | 在馆 | |
| 25 | 0639455 | 206394551 | 库房3/ [索取号:D229/109] | 在馆 | |
| 26 | 0639456 | 206394560 | 库房3/ [索取号:D229/109] | 在馆 | |
| 27 | 0639457 | 206394579 | 库房3/ [索取号:D229/109] | 在馆 | |
| 28 | 0639458 | 206394588 | 库房3/ [索取号:D229/109] | 在馆 | |
| 29 | 0639459 | 206394597 | 库房3/ [索取号:D229/109] | 在馆 | |
| 30 | 0639460 | 206394604 | 库房3/ [索取号:D229/109] | 在馆 | |
| 31 | 0639461 | 206394613 | 库房3/ [索取号:D229/109] | 在馆 | |
| 32 | 0639462 | 206394622 | 库房3/ [索取号:D229/109] | 在馆 | |
| 33 | 0639463 | 206394631 | 库房3/ [索取号:D229/109] | 在馆 | |
| 34 | 0765585 | 207655857 | 密集书库/ [索取号:D229/109] | 在馆 | |
| 35 | 0766305 | 207663054 | 密集书库/ [索取号:D229/109] | 在馆 | |
| 36 | 0767504 | 207675041 | 密集书库/ [索取号:D229/109] | 在馆 | |
| 37 | 0770461 | 207704616 | 密集书库/ [索取号:D229/109] | 在馆 |